| 000 | 00355nam a2200157Ia 4500 | ||
|---|---|---|---|
| 008 | 230711s9999||||xx |||||||||||||| ||und|| | ||
| 041 | _aENG | ||
| 082 |
_a720 _bSC-L |
||
| 100 | _aScuri,Piera | ||
| 245 | 0 | _aLate-twentieth century skyscrapers | |
| 250 | _a1st | ||
| 260 |
_c1990 _aNew York _bVNR |
||
| 300 | _a158 | ||
| 650 | _aArchitecture | ||
| 942 | _cBK | ||
| 999 |
_c3286 _d3286 |
||